| 000 | 01052nam a22003257a 4500 | ||
|---|---|---|---|
| 001 | BR7703015 | ||
| 003 | BR-BrBNA | ||
| 005 | 20230928085309.0 | ||
| 007 | ta | ||
| 008 | 230509b bl.||||| |||| 00| 0 por d | ||
| 040 |
_aBR-BrBNA _bpor _cBiblioteca Nacional de Agricultura |
||
| 041 | _a(Por) | ||
| 072 | _aE10; E15 | ||
| 090 | _ E10 BR7703015 | ||
| 100 | 1 | _aLauschner, R. | |
| 110 | 1 | _aSubsecretaria de Planejamento e Orcamento, Brasilia, DF (Brasil); | |
| 110 | 1 |
_aEscola Interamericana de Administracao Publica, Rio de Janeiro, RJ (Brasil) _94314 |
|
| 111 | 1 |
_a1. Seminario de Modernizacao da Empresa Rural _cRio de Janeiro, RJ (Brazil) _d25 May 1977 |
|
| 245 | 1 | _aAgroindustria cooperativa como agente de modernizacao da empresa rural | |
| 260 | 3 |
_aRio de Janeiro, RJ (Brasil): _c1977. |
|
| 300 | _a53 p. | ||
| 500 | _a22 ref. | ||
| 650 | _aMacroeconomia | ||
| 650 | _aMicroeconomia | ||
| 650 | _aCooperativa | ||
| 650 | _aIndustria agricola | ||
| 650 | _aEmpresa rural | ||
| 909 |
_a202309 _bLucia _c55 _dLucia Elande |
||
| 942 | _cBK | ||
| 999 |
_c23728 _d23728 |
||